00882nmc a2200277 a 4500003000900000005001700009008004100026020001800067040001300085100002800098245008600126260003700212300001100249490005200260504002600312610003700338650002300375650002800398650002600426650002900452650003000481651001300511653002900524653002200553700002900575AR-BaBNM20251128205825.0248019s1997 ||||||||||||||000 | spa|| a84-331-0767-4 cAR-BaBNM1 aRamo Traver, Zacarías10aLa convivencia y la disciplina en los centros educativosbnormas y procedimientos aMadridbEscuela Españolac1997 a271 p. 0aEducación al día. Didáctica y Pedagogía aBibliografía: p.26324aReal Decreto 732/1995 [España] 4aDISCIPLINA ESCOLAR 4aRELACION ALUMNO-DOCENTE 4aAUTORIDAD DEL DOCENTE 4aRELACION ESCUELA-ALUMNOS 4aREGLAMENTOS EDUCACIONALES 4aEspaña aINSTITUCIONES EDUCATIVAS aMEDIACION ESCOLAR1 aMiñambres, José Cruz